Cultural anthropology / (Record no. 166203)

MARC details
000 -LEADER
fixed length control field 00761nam a22002177a 4500
005 - DATE AND TIME OF LATEST TRANSACTION
control field 20190716160230.0
010 ## - LCCN (DPL NO)
LC control number ENG-125955
020 ## - INTERNATIONAL STANDARD BOOK NUMBER
International Standard Book Number 9789353436544
Terms of availability 615.00
035 ## - SYSTEM CONTROL NUMBER
System control number EN-109487
037 ## - SOURCE OF ACQUISITION
Source of stock number/acquisition DBAD/PUB
082 ## - DEWEY DECIMAL CLASSIFICATION NUMBER
Classification number 306
100 ## - MAIN ENTRY--PERSONAL NAME
Personal name Ember, Carol R.
245 ## - TITLE STATEMENT
Title Cultural anthropology /
Statement of responsibility, etc by Carol R.Ember [and] Melvin R. Ember
250 ## - EDITION STATEMENT
Edition statement Fifteenth edition
260 ## - PUBLICATION, DISTRIBUTION, ETC. (IMPRINT)
Place of publication, distribution, etc Noida
Name of publisher, distributor, etc Pearson India Education
Date of publication, distribution, etc 2019
270 ## - ADDRESS
Address 15th Floor, Tower-B, World Trade Tower, Plot No.I, Block-C, Sector 16
City Noida, Uttar Pradesh
Postal code 201301
Electronic mail address companysecretary.india@pearson.com
300 ## - PHYSICAL DESCRIPTION
Extent xv,446p.
Dimensions 28cm(pbk)
500 ## - GENERAL NOTE
General note Includes bibliographical references and index
700 ## - ADDED ENTRY--PERSONAL NAME
Personal name Ember, Melvin R.
942 ## - ADDED ENTRY ELEMENTS (KOHA)
Source of classification or shelving scheme Dewey Decimal Classification
Item type English Books
Classification part 306
Call number suffix EMB
Holdings
Withdrawn status Lost status Not for loan Collection code Home library Current library Date acquired Source of acquisition Cost, normal purchase price Full call number Barcode Copy number Cost, replacement price Koha item type
      Non-fiction Ashok Vihar Ashok Vihar 16/07/2019 DBAD/PUB 615.00 306 EMB EN-109487 1 615.00 English Books

© Delhi Public Library
Hit Counter
free hit counter